| 000 | 00578nam a2200169Ia 4500 | ||
|---|---|---|---|
| 008 | 140529s9999 xx 000 0 und d | ||
| 020 | _a9789719924708 | ||
| 050 |
_aRT 81 _b.D212 2012 |
||
| 100 | _aDaplas, Maria Bernadette R. | ||
| 245 |
_aNursing education across Asian cultures : _bthetrend in East Asia / _cMaria Bernadette R. Daplas |
||
| 260 |
_aQuezon City, Philippines : _bC & E Publishing, _cc2012. |
||
| 300 |
_a232 p. : _bill. ; _c22 cm. |
||
| 500 | _aIncludes bibliographical references and index. | ||
| 521 | _aNUR | ||
| 942 |
_kLOC _cBK |
||
| 999 |
_c117785 _d117785 |
||